Statistics for SZA - Smoking on My Ex Pack (All Lyrics)

Click here to take the quiz!

General Stats

  • This quiz has been taken 11 times
  • The average score is 143 of 195

Answer Stats

Answer% Correct
ex
100%
back
89%
"Back
89%
back"
89%
back,
89%
"I
89%
I
89%
I'm
89%
in
89%
like
89%
me
89%
my
89%
n****s
89%
on
89%
really
89%
"Text
89%
that
89%
the
89%
The
89%
you
89%
You
89%
you"
89%
can,
78%
can
78%
friendly,
78%
from
78%
go
78%
need
78%
no
78%
not
78%
numbers
78%
pack
78%
Smokin'
78%
tonight
78%
trust
78%
accusations
67%
athlete
67%
"bitch"
67%
blocked
67%
Bobbin'
67%
Booty
67%
bus,
67%
clip
67%
credit,
67%
dick
67%
favorite
67%
for
67%
got
67%
hate
67%
hatin'
67%
Hawaii
67%
"ho"
67%
is
67%
it,
67%
it
67%
leather
67%
nosebleeds,
67%
of
67%
psycho
67%
rapper
67%
Roll
67%
screamin',
67%
sideshow
67%
softer
67%
than
67%
Them
67%
true
67%
was
67%
weak
67%
Your
67%
your
67%
Abracadabra,
56%
all
56%
and
56%
beat
56%
case
56%
crazy
56%
data,
56%
exception
56%
featherweight
56%
fuckin'
56%
"Get
56%
He
56%
heard
56%
heartthrobs
56%
hoes
56%
lesser
56%
loves
56%
make
56%
might
56%
part
56%
pop
56%
push
56%
said
56%
talkin'
56%
Texaco
56%
together"
56%
weather
56%
well
56%
whack
56%
wish
56%
cap
44%
gassin'
44%
Infection
44%
microbe
44%
run
44%
These
44%
trick"
44%
phone
33%
wipe
33%
dome,
22%
gave
22%
some
22%
test
22%

Score Distribution

Percentile by Number Answered

Percent of People with Each Score

Your Score History

You have not taken this quiz